| 000 | 01151nac a22003737a 4500 | ||
|---|---|---|---|
| 001 | BR0705589 | ||
| 003 | BR-BrBNA | ||
| 005 | 20240105123507.0 | ||
| 008 | 230509b bl.|||m| |||| 00| 0 por d | ||
| 040 |
_aBR-BrBNA _bpor _cBiblioteca Nacional de Agricultura |
||
| 072 | _aF08; P35 | ||
| 090 | _a1940 BR0705589 | ||
| 100 | 1 | _aVasconcellos, C.A. | |
| 100 | 1 | _aPereira, E.A.G. | |
| 100 | 1 | _aMartins Netto, D.A. | |
| 100 | 1 | _aSantos, F.G. dos | |
| 110 | 1 | _aEMBRAPA Milho e Sorgo, Sete Lagoas, MG (Brasil) | |
| 245 | 1 | _aAvaliação do potencial de extração de nutrientes por cultivares de milheto para uso no plantio direto | |
| 260 | 3 |
_aSete Lagoas, MG (Brasil): _c1999. |
|
| 300 | _a10 p. | ||
| 490 |
_aPesquisa em Andamento - EMBRAPA Milho e Sorgo (Brazil) _vno. 35 _xISSN 0101-5559 |
||
| 500 | _a5 tables | ||
| 650 | _aMILHETO | ||
| 650 | _aVARIEDADE | ||
| 650 | _aPLANTIO DIRETO | ||
| 650 | _aNUTRIENTE | ||
| 650 | _aFERTILIDADE DO SOLO | ||
| 650 | _aMANEJO DO SOLO | ||
| 650 | _aMATÉRIA SECA | ||
| 650 | _aPALHADOR | ||
| 650 | _aCERRADO | ||
| 909 |
_a202312 _bLúcia Elande _c55 _dLúcia Elande |
||
| 942 |
_2AGRIS _n0 _cMS |
||
| 999 |
_c295716 _d295716 |
||